00532 2200205 4500001002100000005001500021035002000036008004100056245005800097100002400155250000600179260003800185300001200223084001400235082000800249650001000257520003500267990001200302990001200314INLIS00000000000086420240607074315 a0010-0524000099240607 1 ind 1 aDua Wajah ; Cinta Siburuk Rupa /cT. Sandi Situmorang aSitumorang, T Sandi a1 aYogyakarta :bSheila/ Andi,c2010 a124 hlm a813 SAN d a813 4aFiksi aDua Wajah, Cinta Si Buruk Rupa a0741328 a0741329